The noble scholar, jurist, historian


 His Excellency Dr. Abdul Wahhab bin Ibrahim Abu Sulaiman, may Allah have mercy on him.


 He was born in Umm Al-Qura in the year 1356 AH.

اللوامع البرقية في رحلة مولانا السلطان المعظم حمود بن محمد بن سعيد بن سلطان بالأقطار الإفريقية الشرقية / (Record no. 9302)

MARC details
000 -LEADER
fixed length control field 01395cam a22002891i 4500
003 - CONTROL NUMBER IDENTIFIER
control field SA-RiAUC
005 - DATE AND TIME OF LATEST TRANSACTION
control field 20250630120835.0
008 - FIXED-LENGTH DATA ELEMENTS--GENERAL INFORMATION
fixed length control field 250628s1983 mk g f000 0dara c
040 ## - CATALOGING SOURCE
Original cataloging agency KW-ShULA
Language of cataloging ara
Transcribing agency SA-RiAUC
Description conventions rda
043 ## - GEOGRAPHIC AREA CODE
Geographic area code fe-----
082 04 - DEWEY DECIMAL CLASSIFICATION NUMBER
Classification number 916.04
090 ## - LOCALLY ASSIGNED LC-TYPE CALL NUMBER (OCLC); LOCAL CALL NUMBER (RLIN)
Classification number (OCLC) (R) ; Classification number, CALL (RLIN) (NR) 916.04
Local cutter number (OCLC) ; Book number/undivided call number, CALL (RLIN) ا ب ن ع
100 1# - MAIN ENTRY--PERSONAL NAME
Personal name ابن عديم، ناصر بن سالم بن عديم،
Dates associated with a name 1273-1339 هجري
Relator term مؤلف.
245 12 - TITLE STATEMENT
Title اللوامع البرقية في رحلة مولانا السلطان المعظم حمود بن محمد بن سعيد بن سلطان بالأقطار الإفريقية الشرقية /
Statement of responsibility, etc. ناصر سالم عديم الرواحي.
264 #1 - PRODUCTION, PUBLICATION, DISTRIBUTION, MANUFACTURE, AND COPYRIGHT NOTICE
Place of production, publication, distribution, manufacture مسقط :
Name of producer, publisher, distributor, manufacturer وزارة التراث القومي والثقافة،
Date of production, publication, distribution, manufacture, or copyright notice 1983
300 ## - PHYSICAL DESCRIPTION
Extent 43 صفحة ؛
Dimensions 20 سم.
336 ## - CONTENT TYPE
Content type term نص
Content type code txt
Source rdacontent
Materials specified كتاب
337 ## - MEDIA TYPE
Media type term بدون وسيط
Media type code n
Source rdamedia
338 ## - CARRIER TYPE
Carrier type term مجلد
Carrier type code nc
Source rdacarrier
490 1# - SERIES STATEMENT
Series statement تراثنا / وزارة التراث القومي والثقافة ؛
Volume/sequential designation 47
590 ## - LOCAL NOTE (RLIN)
Local note زكي.
600 17 - SUBJECT ADDED ENTRY--PERSONAL NAME
Personal name البوسعيدي، حمود بن محمد بن سعيد،
Titles and other words associated with a name سلطان عمان
Source of heading or term aucnm
651 #7 - SUBJECT ADDED ENTRY--GEOGRAPHIC NAME
Geographic name إفريقيا الشرقية
General subdivision وصف ورحلات
Source of heading or term aucsh
830 #0 - SERIES ADDED ENTRY--UNIFORM TITLE
Uniform title تراثنا (عمان (سلطنة). وزارة التراث القومي والثقافة)
Volume/sequential designation 47
942 ## - ADDED ENTRY ELEMENTS (KOHA)
Source of classification or shelving scheme Dewey Decimal Classification
Koha item type Books
Suppress in OPAC No
949 ## - LOCAL PROCESSING INFORMATION (OCLC)
a SA-JeALM
d 250628
u mohamedma123
n 1
Holdings
Withdrawn status Lost status Source of classification or shelving scheme Damaged status Not for loan Home library Current library Date acquired Total checkouts Full call number Barcode Date last seen Price effective from Koha item type
    Dewey Decimal Classification     DR AbdElwahab Library DR AbdElwahab Library 06/30/2025   916.04 ا ب ن ع 000015431 06/30/2025 06/30/2025 Books